[Event "TUN-ch U20"]
[Site "Monastir"]
[Date "2021.03.15"]
[Round "2"]
[White "Boulaares, Adam"]
[Black "Bakkouch, Mehdi"]
[Result "1-0"]
[WhiteElo "1782"]
[BlackElo "1171"]
[PlyCount "45"]
[EventDate "2021.03.14"]
[EventType "swiss"]
[EventRounds "9"]
[EventCountry "TUN"]
[SourceTitle "EXT 2022"]
[Source "ChessBase"]
[SourceDate "2021.10.06"]
[SourceVersion "1"]
[SourceVersionDate "2021.10.06"]
[SourceQuality "1"]

1. e4 e5 2. Nf3 Nc6 3. Bb5 Nge7 4. d3 a6 5. Ba4 b5 6. Bb3 h6 7. 0-0 Ng6 8. Nc3 Bb7 9. d4 exd4 10. Nxd4 Bc5 11. Nf5 0-0 12. Qh5 Nce5 13. Kh1 Qf6 14. f4 Nc4 15. Bxc4 bxc4 16. Nxh6+ gxh6 17. Qxc5 Qc6 18. Qh5 Ne7 19. f5 Qf6 20. Bxh6 Rfe8 21. Rf3 d5 22. Rg3+ Kh7 23. Bf8+ 1-0